Word Scramble - Song Titles (Classic Rock) - Statistics

General Stats
  • This quiz has been taken 142 times
  • The average score is 7 of 20
Answer Stats
Scramble Band/Musician Song % Correct
epdrasedo The Eagles Desperado
63%
shut ZZ Top Tush
61%
shcagen David Bowie Changes
58%
eagni Rolling Stones Angie
51%
herekaraterb Led Zeppelin Heartbreaker
49%
rusenrrde Cheap Trick Surrender
48%
ecanoci Eric Clapton Cocaine
47%
apdioran Black Sabbath Paranoid
40%
lrdibabck Beatles Blackbird
34%
thlmieilg Rush Limelight
34%
lagzolid Blue Oyster Cult Godzilla
32%
msniko Boston Smokin
26%
haquanidrope The Who Quadrophenia
25%
erndeage Styx Renegade
24%
tretrust KISS Strutter
23%
scdrossora Cream Crossroads
22%
ukdantam Bob Seger Katmandu
20%
kajaeirlb AC/DC Jailbreak
17%
gjdelnanlu Bruce Springsteen Jungleland
13%
zaraaznam Nazareth Razamanaz
3%
No matching quizzes found
Score Distribution
Percent of People with Each Score
Percentile by Number Answered
Your Score History
You have not taken this quiz